[Event "AUT-chT2O 9899"]
[Site "Austria"]
[Date "1998.??.??"]
[Round "2"]
[White "Weiss, Karl"]
[Black "Pernerstorfer, Johannes"]
[Result "1-0"]
[WhiteElo "2185"]
[BlackElo "2115"]
[PlyCount "81"]
[EventDate "1998.10.??"]
[EventType "team"]
[EventRounds "11"]
[EventCountry "AUT"]
[SourceTitle "EXT 2000"]
[Source "ChessBase"]
[SourceDate "1999.11.16"]
[SourceVersion "1"]
[SourceVersionDate "1999.11.16"]
[SourceQuality "1"]

1. d4 Nf6 2. Bg5 e6 3. Nf3 b6 4. e3 Be7 5. Nbd2 Bb7 6. Bd3 c5 7. c3 h6 8. Bh4 d6 9. Qc2 Nbd7 10. e4 cxd4 11. cxd4 0-0 12. 0-0 Nh5 13. Bxe7 Qxe7 14. Qc7 Bc8 15. Bb5 f5 16. exf5 Rxf5 17. Bc6 Rb8 18. Bxd7 Qxd7 19. Qxb8 Rf8 20. Rfc1 e5 21. dxe5 Nf4 22. Rxc8 Rxc8 23. Qxd6 Qg4 24. g3 Re8 25. Re1 Re6 26. Qd8+ Kh7 27. Qh4 Nh3+ 28. Kg2 Nf4+ 29. Kh1 Qxh4 30. Nxh4 Nd3 31. Re2 Nxb2 32. f4 g5 33. Nhf3 gxf4 34. gxf4 Nd1 35. f5 Re8 36. e6 Kg7 37. Ne4 Kf8 38. Ne5 Rc8 39. f6 Rc1 40. e7+ Ke8 41. Nd6# 1-0